| 000 | 00605nam a2200229Ia 4500 | ||
|---|---|---|---|
| 005 | 20241129104214.0 | ||
| 008 | 241129s9999||||xx |||||||||||||| ||und|| | ||
| 020 | _a9780367680015 | ||
| 037 | _aTextual | ||
| 040 |
_aRTL _beng _cRTL |
||
| 041 |
_aeng _2eng |
||
| 084 |
_aY:893 R2 _qRTL |
||
| 100 |
_aCarolan Michael _9725233 |
||
| 245 | 0 |
_aSociology of food and agriculture _cCarolan Michael |
|
| 250 | _a3rd | ||
| 260 |
_aNew York _bRoutledge _c2022 |
||
| 300 | _ax,263p. | ||
| 365 |
_aINR _b3346.17 |
||
| 650 | _aSociology | ||
| 942 |
_cTB _hY:893 R2 |
||
| 999 |
_c1224876 _d1224876 |
||